| 000 | 00724nam a2200217 a 4500 | ||
|---|---|---|---|
| 001 | 3454 | ||
| 003 | CO-ViMGA | ||
| 008 | 141112s2004 ck r 000 u spa d | ||
| 020 | _a9688532142 | ||
| 040 |
_aCO-ViMGA _bspa _cCO-ViMGA |
||
| 082 | 0 | 4 | _a371.3 M335 |
| 100 | 1 |
_aMeenes, Max _953214 |
|
| 245 | 1 | 0 | _aCómo estudiar para aprender |
| 260 |
_aBuenos Aires : _bPaidós, _c1991 |
||
| 300 | _a101 p | ||
| 490 | _aPaidós educador, 81 | ||
| 505 | _aIntroduccion. La motivacion del estudio. El logro de los objetivos del estudio. Los procesos del aprendizaje y los metodos de estudio. Retencion de aprendizaje. El valor del aprendizaje. | ||
| 650 | 1 | 4 | _aAPRENDIZAJE |
| 650 | 1 | 4 |
_aMETODOS DE ESTUDIO _96184 |
| 942 |
_2ddc _cBK |
||
| 999 |
_c15502 _d15502 |
||